000 00653nam a2200277Ia 4500
005 20260324135107.0
008 008 260324s9999 xx 000 0 eng d
020 _a9781351320481
037 _aEBOOK
040 _aCRL
040 _beng
040 _cCRL
041 _2eng
041 _aeng
084 _qCRL
100 _aKathy Barbell; Lois Wright
_91199309
245 0 _aFamily Foster Care in the Next Century
260 _bTaylor and Francis
260 _c2001
365 _a
365 _b145
856 _uhttp://www.taylorfrancis.com/books/9781351320481
942 _cEBOOK
999 _c1800035
_d1800035